000 00681cab a22001935a 4500
001 L154068
008 111011s2011 xxka f 000 0 eng d
035 _a(Sirsi) u154068
041 0 _aeng
100 _aAgbachi, C. P. E.
245 0 0 _aSurveying software
_bthe thought processes behind survey management systems
260 _c2011
490 _aCivil Engineering Surveyor
_vOctober 2011, 44-45(2)
520 _aLooks at levelling, survey measurement systems, data structure, resection, processing, error analysis, computation, monitoring.
590 _aKA
651 4 _aInternational
690 _aENVIRONMENTAL AND LAND CONSULTANCY-GEOMATICS-LAND SURVEYING
942 _n0
999 _c83478
_d83478